Control system trends in turbo-machinery (Record no. 38725)

MARC details
000 -LEADER
fixed length control field 00823nam a2200193 a 4500
001 - CONTROL NUMBER
control field 017789906
008 - FIXED-LENGTH DATA ELEMENTS--GENERAL INFORMATION
fixed length control field 181030s2011 ||||||||||||||||| || u
020 ## - INTERNATIONAL STANDARD BOOK NUMBER
International Standard Book Number 9781848290525 (hbk.)
020 ## - INTERNATIONAL STANDARD BOOK NUMBER
International Standard Book Number 1848290527 (hbk.)
050 ## - LIBRARY OF CONGRESS CALL NUMBER
Classification number TJ 267 Ran
100 ## - MAIN ENTRY--PERSONAL NAME
Personal name Rangwala, A. S
245 10 - TITLE STATEMENT
Title Control system trends in turbo-machinery
Statement of responsibility, etc. by A. S. Rangwala
260 ## - PUBLICATION, DISTRIBUTION, ETC.
Place of publication, distribution, etc. Tunbridge Wells, Kent:
Name of publisher, distributor, etc. Anshan Ltd
Date of publication, distribution, etc. 2011
300 ## - PHYSICAL DESCRIPTION
Extent xv, 590p.: ill.
500 ## - GENERAL NOTE
General note Includes part I-control system basics, part II-measurement and regulation, part III-turbo-machinery operation and control
650 #0 - SUBJECT ADDED ENTRY--TOPICAL TERM
Topical term or geographic name entry element TURBINES--AUTOMATIC CONTROL
650 #0 - SUBJECT ADDED ENTRY--TOPICAL TERM
Topical term or geographic name entry element TURBOMACHINES--AUTOMATIC CONTROL
995 ## - RECOMMENDATION 995 [LOCAL, UNIMARC FRANCE]
-- CBU-MAIN LIBRARY (Kitwe)
-- 60.98
-- 1
-- AVAILABLE
-- Oct 30, 2018
-- Main Library Open Access Collection
Holdings
Withdrawn status Lost status Source of classification or shelving scheme Damaged status Not for loan Home library Current library Shelving location Date acquired Total Checkouts Full call number Barcode Date last seen Price effective from Koha item type
          CBU-MAIN LIBRARY, KITWE. CBU-MAIN LIBRARY, KITWE.   11/30/2022   TJ 267 Ran 748750 11/30/2022 11/30/2022 MONOGRAPH